| 000 | 00368cam a2200145ua 4500 | ||
|---|---|---|---|
| 041 |
_aeng _h |
||
| 082 |
_a828.09 _bBOU/AN |
||
| 100 | _aBoulton, Marjorie . | ||
| 245 |
_aAnatomy of prose / _cMarjourie Boulton. _hTextual Documents |
||
| 260 |
_aLondon : _bRoutledge & Kegan Paul Ltd , _c1962. |
||
| 300 | _a190 ; . | ||
| 504 | _a | ||
| 942 | _cBK | ||
| 999 |
_c8631 _d8631 |
||